[Event "Liberec Region-chT 2223"]
[Site "Czech Republic"]
[Date "2023.03.19"]
[Round "10.3"]
[White "Sichrovsky, Tomas"]
[Black "Krelina, Jan1111"]
[Result "0-1"]
[WhiteElo "1870"]
[BlackElo "1650"]
[PlyCount "67"]
[EventDate "2022.10.09"]
[EventType "team-tourn"]
[EventRounds "11"]
[EventCountry "CZE"]
[SourceTitle "EXT 2024"]
[Source "ChessBase"]
[SourceDate "2023.10.10"]
[SourceVersion "1"]
[SourceVersionDate "2023.10.10"]
[SourceQuality "1"]

1. d4 Nf6 2. Nf3 d5 3. Bf4 Bf5 4. e3 e6 5. c4 c6 6. Qb3 b6 7. Nc3 Bd6 8. Bg3 Bxg3 9. hxg3 0-0 10. Be2 Qd6 11. Ne5 h6 12. Rc1 Nbd7 13. f4 Ne4 14. g4 Bh7 15. Bd3 Nxe5 16. fxe5 Qe7 17. Nxe4 dxe4 18. Be2 Rfd8 19. c5 b5 20. Kd2 Qg5 21. Kc2 a5 22. Rh5 Qe7 23. Kb1 a4 24. Qc3 Bg6 25. Rh3 f6 26. exf6 Qxf6 27. Rf1 Qe7 28. Rhh1 Rd5 29. Rc1 Rad8 30. Rhd1 e5 31. b4 axb3 32. axb3 exd4 33. Rxd4 Rxd4 34. exd4 0-1

[Event "Liberec Region-chT 2223"]
[Site "Czech Republic"]
[Date "2023.02.12"]
[Round "8.4"]
[White "Sichrovsky, Tomas"]
[Black "Muzik, Roman"]
[Result "1-0"]
[WhiteElo "1870"]
[BlackElo "1793"]
[PlyCount "99"]
[EventDate "2022.10.09"]
[EventType "team-tourn"]
[EventRounds "11"]
[EventCountry "CZE"]
[SourceTitle "EXT 2024"]
[Source "ChessBase"]
[SourceDate "2023.10.10"]
[SourceVersion "1"]
[SourceVersionDate "2023.10.10"]
[SourceQuality "1"]

1. d4 f5 2. c4 e6 3. Nc3 Nf6 4. g3 Be7 5. Bg2 0-0 6. Nf3 d6 7. 0-0 Ne4 8. Nd2 Nxc3 9. bxc3 e5 10. Qb3 Nc6 11. e3 Na5 12. Qa4 c6 13. Ba3 e4 14. Bb4 b6 15. Bxa5 bxa5 16. Qxc6 Be6 17. Rfc1 Rc8 18. Qa4 Qc7 19. Bf1 g5 20. Rab1 Rf7 21. Qb5 Bf6 22. d5 Bd7 23. Qa6 Be8 24. Nb3 a4 25. Nd4 Be5 26. Ne6 Qd7 27. c5 dxc5 28. Bb5 Qb7 29. Qxb7 Rxb7 30. Bxe8 Rxb1 31. Rxb1 Rxe8 32. c4 a3 33. Rb3 Bb2 34. Nxg5 Kg7 35. Ne6+ Kf6 36. Rb7 h5 37. Nxc5 h4 38. Kg2 Rc8 39. Nd7+ Kg5 40. c5 Rh8 41. c6 h3+ 42. Kf1 Rc8 43. Rxa7 Kg4 44. Ke2 f4 45. Nb6 fxg3 46. fxg3 Rh8 47. c7 Be5 48. c8Q+ Rxc8 49. Nxc8 Bxg3 50. Rg7+ 1-0

[Event "CZE-chT2C 2223"]
[Site "Czech Republic"]
[Date "2023.02.05"]
[Round "8.7"]
[White "Chalupa, Ivan"]
[Black "Sichrovsky, Tomas"]
[Result "1/2-1/2"]
[WhiteElo "2096"]
[BlackElo "1870"]
[PlyCount "58"]
[EventDate "2022.10.16"]
[EventType "team-tourn"]
[EventRounds "11"]
[EventCountry "CZE"]
[SourceTitle "EXT 2024"]
[Source "ChessBase"]
[SourceDate "2023.10.10"]
[SourceVersion "1"]
[SourceVersionDate "2023.10.10"]
[SourceQuality "1"]
[WhiteTeam "Vysehrad"]
[BlackTeam "Ceska Lipa"]
[WhiteTeamCountry "CZE"]
[BlackTeamCountry "CZE"]

1. e4 c6 2. d4 d5 3. Nd2 dxe4 4. Nxe4 Bf5 5. Ng3 Bg6 6. h4 h6 7. Nf3 Nd7 8. h5 Bh7 9. Bd3 Bxd3 10. Qxd3 e6 11. Bd2 Ngf6 12. 0-0-0 Be7 13. Ne4 0-0 14. Kb1 c5 15. c3 Qc7 16. Nxf6+ Nxf6 17. Ne5 Rfd8 18. f4 Rac8 19. g4 cxd4 20. cxd4 Qb6 21. Bc1 Nd5 22. Qb3 Qa6 23. g5 Rd6 24. Ka1 Rb6 25. Qd3 hxg5 26. Qxa6 bxa6 27. fxg5 Nb4 28. h6 Nc2+ 29. Kb1 Na3+ 1/2-1/2

[Event "Liberec Region-chT 2223"]
[Site "Czech Republic"]
[Date "2023.01.29"]
[Round "7.4"]
[White "Stanek, Bohumil"]
[Black "Sichrovsky, Tomas"]
[Result "0-1"]
[WhiteElo "1844"]
[BlackElo "1870"]
[PlyCount "50"]
[EventDate "2022.10.09"]
[EventType "team-tourn"]
[EventRounds "11"]
[EventCountry "CZE"]
[SourceTitle "EXT 2024"]
[Source "ChessBase"]
[SourceDate "2023.10.10"]
[SourceVersion "1"]
[SourceVersionDate "2023.10.10"]
[SourceQuality "1"]

1. e4 c6 2. d4 d5 3. Nd2 dxe4 4. Nxe4 Bf5 5. Ng3 Bg6 6. h4 h6 7. Nf3 Nd7 8. h5 Bh7 9. Bd3 Bxd3 10. Qxd3 Ngf6 11. Bd2 e6 12. 0-0-0 Be7 13. Kb1 0-0 14. Rhe1 c5 15. c3 Qb6 16. Be3 Rfd8 17. Qc2 Nd5 18. Ne5 Nxe5 19. dxe5 Nxe3 20. Rxe3 c4 21. Ne4 Rxd1+ 22. Qxd1 Rd8 23. Qg4 Ba3 24. b3 cxb3 25. Qe2 Rd1+ 0-1

[Event "Liberec Region-chT 2223"]
[Site "Czech Republic"]
[Date "2023.01.15"]
[Round "6.3"]
[White "Sivak, Lukas"]
[Black "Sichrovsky, Tomas"]
[Result "1/2-1/2"]
[WhiteElo "1775"]
[BlackElo "1870"]
[PlyCount "91"]
[EventDate "2022.10.09"]
[EventType "team-tourn"]
[EventRounds "11"]
[EventCountry "CZE"]
[SourceTitle "EXT 2024"]
[Source "ChessBase"]
[SourceDate "2023.10.10"]
[SourceVersion "1"]
[SourceVersionDate "2023.10.10"]
[SourceQuality "1"]

1. d4 Nf6 2. Bf4 c5 3. e3 cxd4 4. exd4 d5 5. Nd2 Nc6 6. c3 Bf5 7. Ngf3 e6 8. Ne5 Be7 9. Bb5 Qb6 10. Qb3 Rc8 11. 0-0 0-0 12. Bd3 Qxb3 13. axb3 Bxd3 14. Nxd3 a5 15. Ne5 b6 16. Bg5 Rfd8 17. Rfc1 h6 18. Bh4 Kf8 19. Ndf3 g5 20. Bg3 Ne4 21. Rc2 Kg7 22. Nxc6 Rxc6 23. Ne5 Rcc8 24. f3 Nd6 25. Rac1 Nb5 26. Bf2 f6 27. Nd3 Kf7 28. Re2 Rc6 29. Rce1 Bf8 30. h4 Re8 31. hxg5 hxg5 32. f4 gxf4 33. Nxf4 Nc7 34. Bg3 Bd6 35. Nh5 Nb5 36. Bxd6 Nxd6 37. Nf4 Ne4 38. c4 Ng3 39. Re3 Nf5 40. cxd5 Nxe3 41. dxc6 Nc2 42. Rd1 Rc8 43. d5 exd5 44. Nxd5 Rxc6 45. Rc1 Ke6 46. Nxb6 1/2-1/2